000 00576nam a2200241Ia 4500
005 20250425161819.0
008 250425s9999 xx 000 0 und d
041 _aeng
082 _a332.1
100 _aKASHYAP, ANIL
245 0 _aMONEY & BANKING
250 _aS.E.
260 _aCHICAGO
260 _aEstados Unidos
_bUNIVERSITY OF CHICAGO
_c1998
300 _a344
500 _aTOMO 1
650 _aECONOMIA FINANCIERA
650 _aMONEDA Y BANCA
650 _aOPERACIONES BANCARIAS
710 _aUNIVERSIDAD DE CHICAGO
942 _c01
010 _a30736
999 _c216641
_d216641